000 00262nam a2200121 a 4500
001 4144
005 20140414131907.0
008 090317s19uu xx 00 eng d
050 _aER
_bB38 1981
100 _aBricknell, Jim
245 _aBeaver.
999 _c111016
_d111016